000 00599 a2200169 4500
005 20250515130825.0
020 _a978-1-4641-3850-8
082 _aLECT 339 KRU
100 _aKRUGMAN, P.
245 _aEC 202 Introduction to Economic Analysis: Macroeconomics
250 _a3rd Ed.
260 _aNew York,
_bWorth Custom Publishing,
_c2012.
300 _axxxii, 608p.: ill.; chart, figure, graph, table.
_bGlossary & index.
_c26cm.
700 _aWELLS, R.
856 _yAccess Online Book
_fEC 202 Introduction to Economic Analysis: Macroeconomics
_dwww.worthpublishers.com/custompub
942 _2ddc
_cBKS
999 _c2293
_d2293